Statistiques concernant Petit Bac #59 - Communes d'Auvergne

Cliquez ici pour prendre le quiz!

Statistiques générales

  • Ce quiz a été pris 46 fois
  • Le résultat moyen est 8 sur 14

Statistiques - réponses

1ère Lettre Commune (5000+ hab.) % Correct
CClermont-Ferrand / Cournon-d'Auvergne / Chamalières / Cusset / Cébazat / Ceyrat / Commentry / Châtel-Guyon
97%
AAurillac / Aubière / Ambert / Arpajon-sur-Cère / Aurec-sur-Loire
91%
MMontluçon / Moulins / Monistrol-sur-Loire
80%
LLe Puy-en-Velay / Lempdes / Lezoux / Le Cendre
69%
RRiom / Romagnat
66%
VVichy / Vic-le-Comte
60%
IIssoire
57%
BBeaumont / Bellerive-sur-Allier / Brioude
51%
YYzeure / Yssingeaux
51%
TThiers
46%
SSaint-Flour / Sainte-Sigolène / Saint-Pourçain-sur-Sioule
40%
GGerzat / Gannat
29%
DDomérat
11%
PPont-du-Château
11%

Distribution des résultats

Percentile by Number Answered

% des personnes avec chaque résultat

Votre développement - résultats

Vous n’avez pas pris ce quiz